000 00790cam a22002654a 4500
005 20260322212047.0
008 data
010 _a 2002010125
020 _a9781598696318
040 _aDLC
_cDLC
_dDLC
042 _apcc
050 0 0 _aHG179
_b.D743 2003
082 0 0 _a640/.42
_221
092 _a640.42 D743 2008
100 1 _aStouffer, Tere.
245 1 4 _aThe everything budgeting book :
_bpractical advice for spending less, saving more, and having more money for the things you really want /
_cTere Stouffer.
250 _a2nd edition
260 _aAvon, MA :
_bAdams Media Corp.,
_cc2008.
300 _axvi, 301 p. ;
_c24 cm.
440 3 _aAn everything series
500 _aIncludes index.
650 0 _aFinance, Personal.
650 0 _aHome economics
_xAccounting.
001 data
999 _c1116
_d1116